50 Self-help Classics : (Record no. 14348)
[ view plain ]
| 000 -LEADER | |
|---|---|
| fixed length control field | 01298cam a22002894a 4500 |
| 001 - CONTROL NUMBER | |
| control field | 12958784 |
| 005 - DATE AND TIME OF LATEST TRANSACTION | |
| control field | 20040817105107.0 |
| 008 - FIXED-LENGTH DATA ELEMENTS--GENERAL INFORMATION | |
| fixed length control field | 021004s2003 enk | b 00| 0 eng d |
| 010 ## - LIBRARY OF CONGRESS CONTROL NUMBER | |
| LC control number | 2002040774 |
| 020 ## - INTERNATIONAL STANDARD BOOK NUMBER | |
| International Standard Book Number | 1857883233 |
| 040 ## - CATALOGING SOURCE | |
| Original cataloging agency | DLC |
| Transcribing agency | DLC |
| Modifying agency | DLC |
| 042 ## - AUTHENTICATION CODE | |
| Authentication code | pcc |
| 050 00 - LIBRARY OF CONGRESS CALL NUMBER | |
| Classification number | Z7204.S44 |
| Item number | B88 2003 |
| Classification number | BF632 |
| 082 00 - DEWEY DECIMAL CLASSIFICATION NUMBER | |
| Classification number | 253.53 |
| Edition number | 21 |
| Item number | BUT |
| 100 1# - MAIN ENTRY--PERSONAL NAME | |
| Personal name | Butler-Bowdon, Tom, |
| Dates associated with a name | 1967- |
| 9 (RLIN) | 15754 |
| 245 10 - TITLE STATEMENT | |
| Title | 50 Self-help Classics : |
| Remainder of title | 50 Inspirational Books to Transform your Life, from Timeless Sages to Contemporary Gurus / |
| Statement of responsibility, etc | Tom Butler-Bowdon. |
| 246 3# - VARYING FORM OF TITLE | |
| Title proper/short title | Fifty self-help classics |
| 260 ## - PUBLICATION, DISTRIBUTION, ETC. (IMPRINT) | |
| Place of publication, distribution, etc | London : |
| Name of publisher, distributor, etc | Nicholas Brealey Pub., |
| Date of publication, distribution, etc | 2003. |
| 300 ## - PHYSICAL DESCRIPTION | |
| Extent | vi, 303 p. ; |
| Dimensions | 23 cm. |
| 504 ## - BIBLIOGRAPHY, ETC. NOTE | |
| Bibliography, etc | Includes bibliographical references (p. 301-303). |
| 541 ## - IMMEDIATE SOURCE OF ACQUISITION NOTE | |
| Source of acquisition | Bacca ; |
| 650 #0 - SUBJECT ADDED ENTRY--TOPICAL TERM | |
| Topical term or geographic name as entry element | Self-help techniques |
| Form subdivision | Bibliography. |
| 9 (RLIN) | 15755 |
| 650 #0 - SUBJECT ADDED ENTRY--TOPICAL TERM | |
| Topical term or geographic name as entry element | Life skills |
| Form subdivision | Bibliography. |
| 9 (RLIN) | 15756 |
| 942 ## - ADDED ENTRY ELEMENTS (KOHA) | |
| Source of classification or shelving scheme | Dewey Decimal Classification |
| Item type | Book - Borrowing |
| Withdrawn status | Item status | Source of classification or shelving scheme | Damaged status | Not for loan | Vendor | Home library | Current library | Shelving location | Date acquired | Source of acquisition | Cost, normal purchase price | Serial Enumeration / chronology | Total Checkouts | Total Renewals | Full call number | Barcode | Date last seen | Date last borrowed | Koha item type |
|---|---|---|---|---|---|---|---|---|---|---|---|---|---|---|---|---|---|---|---|
| Dewey Decimal Classification | Baccah | Central Library | Central Library | Lower Floor | 01/07/2010 | 150.00 | 10497 | 5 | 48 | 253.53 BUT | 000021393 | 15/07/2025 | 15/11/2022 | Book - Borrowing |